000
00295nam a2200109Ia 4500
008
200302s9999 xx 000 0 und d
100
_a
John Hancock Callender ed.,
245
_a
Time Saver Standard Residential
260
_b
Mcgraw- hill International Book co.,
260
_c
1983
300
_a
1264 P.,
999
_c
583
_d
583